<?xml version="1.0" encoding="UTF-8"?>
<record
    xmlns:xsi="http://www.w3.org/2001/XMLSchema-instance"
    xsi:schemaLocation="http://www.loc.gov/MARC21/slim http://www.loc.gov/standards/marcxml/schema/MARC21slim.xsd"
    xmlns="http://www.loc.gov/MARC21/slim">

  <leader>01585nam a22002777a 4500</leader>
  <datafield tag="999" ind1=" " ind2=" ">
    <subfield code="c">416</subfield>
    <subfield code="d">416</subfield>
  </datafield>
  <controlfield tag="003">OSt</controlfield>
  <controlfield tag="005">20190507195805.0</controlfield>
  <controlfield tag="008">160316b        xxu||||| |||| 00| 0 esp d</controlfield>
  <datafield tag="040" ind1=" " ind2=" ">
    <subfield code="c">DO-SdBHA</subfield>
    <subfield code="a">DO-SdBHA</subfield>
    <subfield code="b">spa</subfield>
  </datafield>
  <datafield tag="090" ind1=" " ind2=" ">
    <subfield code="a">TG EGEA</subfield>
    <subfield code="b">00365 2010</subfield>
  </datafield>
  <datafield tag="100" ind1="1" ind2=" ">
    <subfield code="a">Nieves Severino,  Ram&#xF3;n Ant. </subfield>
    <subfield code="e">sustentante</subfield>
  </datafield>
  <datafield tag="245" ind1="1" ind2="0">
    <subfield code="a">Incidencia del C&#xF3;digo Procesal Penal en la Justicia Militar de la Rep&#xFA;blica Dominicana a la luz de la Constituci&#xF3;n pol&#xED;tica vigente / </subfield>
    <subfield code="c">Ram&#xF3;n Ant. Nieves Severino; &#xC1;ngel Rolando Claxton; Carlos G&#xF3;mez Reyes, asesores  Pablo Urb&#xE1;ez Santana,  Eddy Ceballos</subfield>
  </datafield>
  <datafield tag="260" ind1=" " ind2=" ">
    <subfield code="a">Santo Domingo Este :</subfield>
    <subfield code="b">INSUDE, </subfield>
    <subfield code="c">2010</subfield>
  </datafield>
  <datafield tag="300" ind1=" " ind2=" ">
    <subfield code="a">iv, 64 hojas, cuadros</subfield>
  </datafield>
  <datafield tag="502" ind1=" " ind2=" ">
    <subfield code="a">Trabajo de grado (Diplomado del Curso de Comando y Estado Mayor A&#xE9;reo). -- Instituto Superior para la Defensa (INSUDE). Escuela de Graduados de Estudios Aeron&#xE1;uticos, 2010.</subfield>
  </datafield>
  <datafield tag="504" ind1=" " ind2=" ">
    <subfield code="a">Incluye referencias bibliogr&#xE1;ficas e &#xED;ndices</subfield>
  </datafield>
  <datafield tag="505" ind1=" " ind2=" ">
    <subfield code="a">Derecho Penal ordinario y Derecho Penal Militar bases, principios y fundamentos. -- Alcance, jurisdicci&#xF3;n y competencia de la justicia militar dominicana en relaci&#xF3;n al C&#xF3;digo Procesal Penal vigente. 
</subfield>
  </datafield>
  <datafield tag="650" ind1=" " ind2="4">
    <subfield code="a">Justicia Militar -- Derecho -- Constituci&#xF3;n Nacional</subfield>
  </datafield>
  <datafield tag="651" ind1=" " ind2="4">
    <subfield code="a">Rep&#xFA;blica Dominicana -- Justicia Militar </subfield>
  </datafield>
  <datafield tag="700" ind1="1" ind2=" ">
    <subfield code="a">Claxton, &#xC1;ngel Rolando </subfield>
    <subfield code="e">sustentante  </subfield>
  </datafield>
  <datafield tag="700" ind1="1" ind2=" ">
    <subfield code="a">G&#xF3;mez Reyes, Carlos</subfield>
    <subfield code="e">sustentante</subfield>
  </datafield>
  <datafield tag="700" ind1="1" ind2=" ">
    <subfield code="a">Urb&#xE1;ez Santana, Pablo </subfield>
    <subfield code="e">asesor</subfield>
  </datafield>
  <datafield tag="700" ind1="1" ind2=" ">
    <subfield code="a">Ceballos, Eddy </subfield>
    <subfield code="e">asesor </subfield>
  </datafield>
  <datafield tag="830" ind1=" " ind2=" ">
    <subfield code="a">INSUDE. Escuela de Graduados de Estudios Aeron&#xE1;uticos. Tesis y disertaciones acad&#xE9;micas</subfield>
  </datafield>
  <datafield tag="942" ind1=" " ind2=" ">
    <subfield code="2">CL</subfield>
    <subfield code="c">T</subfield>
  </datafield>
  <datafield tag="952" ind1=" " ind2=" ">
    <subfield code="0">0</subfield>
    <subfield code="1">0</subfield>
    <subfield code="2">CL</subfield>
    <subfield code="4">0</subfield>
    <subfield code="7">1</subfield>
    <subfield code="8">TG</subfield>
    <subfield code="a">BJHA</subfield>
    <subfield code="b">BJHA</subfield>
    <subfield code="d">2016-03-16</subfield>
    <subfield code="i">10-00365</subfield>
    <subfield code="l">0</subfield>
    <subfield code="o">TG EGEA 00365 2010</subfield>
    <subfield code="p">10-00365</subfield>
    <subfield code="r">2018-10-06 00:00:00</subfield>
    <subfield code="t">e.1</subfield>
    <subfield code="w">2016-03-16</subfield>
    <subfield code="y">T</subfield>
  </datafield>
</record>
